000 00808nam a2200253 i 4500
003 DO-SdBNP
005 20250729133647.0
007 ta
008 250221s1993 dr r 000 0 spa d
040 _aDO-SdBNP
_bspa
_cBNPHU
_erda
041 _aspa
082 4 _axxx
_bC183
_222
245 0 0 _aCaminaré en presencia del señor :
_bpreparación a la primera comunión, 2do. nivel /
246 0 0 _aCaminaré en presencia del señor :
_bcatecismo para niños /
264 1 _aSanto Domingo :
_bEdicions MSC,
_bEditora Amigo del Hogar,
_c1993.
300 _a99 páginas ;
_c21 cm.
336 _atexto
_btxt
_2rdacontent
337 _asin mediación
_bn
_2rdamedia
338 _avolumen
_bnc
_2rdacarrier
500 _aSegundo nivel.
590 _aInventariado, 2025/ YL
910 _aYLockward
942 _2ddc
_cLBS1
999 _c58168
_d58168